| 000 | 01003cam a2200277 a 4500 | ||
|---|---|---|---|
| 999 |
_c9854 _d9854 |
||
| 001 | 933631 | ||
| 003 | OSt | ||
| 005 | 20210204165012.0 | ||
| 008 | 830617s1983 oru b 001 0 eng | ||
| 010 | _a 83012185 | ||
| 020 |
_a088070022X : _c$11.95 |
||
| 040 |
_aDLC _cDLC _dDLC |
||
| 050 | 0 | 0 |
_aBV209 _bT316L |
| 082 | 0 | 0 |
_a248.3/2 _219 _bT316L |
| 100 | 0 |
_aTeresa, _cof Avila, Saint, _d1515-1582. |
|
| 240 | 1 | 0 |
_aWorks. _kSelections. _lEnglish. _f1983 |
| 245 | 1 | 2 |
_aA life of prayer / _cby St. Teresa of Avila ; abridged and edited by James M. Houston ; introduction by Clayton L. Berg. |
| 260 |
_aPortland, Or. : _bMultnomah Press, _cc1983. |
||
| 300 |
_axxxvi, 246 p. ; _c22 cm. |
||
| 504 | _aIncludes bibliographical references and indexes. | ||
| 650 | 0 |
_aPrayer _xChristianity _xEarly works to 1800. |
|
| 650 | 0 |
_aSpiritual life _xCatholic Church _xEarly works to 1800. |
|
| 700 | 1 |
_aHouston, J. M. _q(James Macintosh), _d1922- |
|
| 906 |
_a7 _bcbc _corignew _d1 _eocip _f19 _gy-gencatlg |
||
| 942 |
_2ddc _cBK |
||